Doing business without your money / (Record no. 157566)

MARC details
000 -LEADER
fixed length control field 00606nam a22001937a 4500
005 - DATE AND TIME OF LATEST TRANSACTION
control field 20180919111910.0
010 ## - LCCN (DPL NO)
LC control number ENG-123994
020 ## - INTERNATIONAL STANDARD BOOK NUMBER
International Standard Book Number 9789352661350
Terms of availability 400.00
035 ## - SYSTEM CONTROL NUMBER
System control number EN-107526
037 ## - SOURCE OF ACQUISITION
Source of stock number/acquisition DBAD/PUB
082 ## - DEWEY DECIMAL CLASSIFICATION NUMBER
Classification number 658.15224
100 ## - MAIN ENTRY--PERSONAL NAME
Personal name Haware, Suresh
245 ## - TITLE STATEMENT
Title Doing business without your money /
Statement of responsibility, etc by Suresh Haware
260 ## - PUBLICATION, DISTRIBUTION, ETC. (IMPRINT)
Place of publication, distribution, etc New Delhi
Name of publisher, distributor, etc Prabhat Prakashan
Date of publication, distribution, etc 2017
270 ## - ADDRESS
City New Delhi
Postal code 110002
Address 4/19, Asaf Ali Road,
300 ## - PHYSICAL DESCRIPTION
Extent 174p.
Dimensions 21cm.(Hb.)
500 ## - GENERAL NOTE
General note Have a great idea, but no money? Do not let that stop you!
942 ## - ADDED ENTRY ELEMENTS (KOHA)
Source of classification or shelving scheme Dewey Decimal Classification
Item type English Books
Classification part 658.15224
Call number suffix HAW
Holdings
Withdrawn status Lost status Not for loan Collection code Home library Current library Date acquired Source of acquisition Cost, normal purchase price Full call number Barcode Copy number Cost, replacement price Koha item type
    Not For Loan Non-fiction D.B.Act.Division Patel Nagar 19/09/2018 DBAD/PUB 400.00 658.15224 HAW EN-107526 1 400.00 English Books

© Delhi Public Library
Hit Counter
free hit counter